भारत वर्तमान और भावी (Record no. 29351)
[ view plain ]
| 000 -LEADER | |
|---|---|
| fixed length control field | 00355nam a22001217a 4500 |
| 003 - CONTROL NUMBER IDENTIFIER | |
| control field | SGT |
| 082 ## - DEWEY DECIMAL CLASSIFICATION NUMBER | |
| Classification number | 301.2 |
| Item number | B46D |
| 100 ## - MAIN ENTRY--PERSONAL NAME | |
| Personal name | दत्त, रजनी पाम |
| 245 ## - TITLE STATEMENT | |
| Title | भारत वर्तमान और भावी |
| 260 ## - PUBLICATION, DISTRIBUTION, ETC. (IMPRINT) | |
| Name of publisher, distributor, etc | पीपुल्स पब्लिशिंग हाउस |
| Year of Publication | 1946 |
| 300 ## - PAGE DESCRIPTION | |
| No. of Pages | 313 |
| 942 ## - ADDED ENTRY ELEMENTS (KOHA) | |
| Source of classification or shelving scheme | Dewey Decimal Classification |
| Koha item type | Books |
| Withdrawn status | Lost status | Source of classification or shelving scheme | Damaged status | Not for loan | Home library | Current library | Shelving location | Date acquired | Cost, normal purchase price | SGTU | Total Checkouts | Full call number | Accession No. (Barcode) | Date last seen | Bill Date | Koha item type |
|---|---|---|---|---|---|---|---|---|---|---|---|---|---|---|---|---|
| Dewey Decimal Classification | Not For Loan | SGT Chancellor's Library | SGT Chancellor's Library | Reference Book | 25/01/2025 | 140.00 | SGTU | 301.2 B46D | CH2008 | 25/01/2025 | 25/01/2025 | Books |